| 000 | 00362nam a2200145Ia 4500 | ||
|---|---|---|---|
| 008 | 230917s9999||||xx |||||||||||||| ||und|| | ||
| 040 |
_e112791 _aMAIN |
||
| 041 | _aEnglish | ||
| 082 | _a620.1073 M986S | ||
| 100 | _aMuvdi, Bichara B | ||
| 245 | 0 | _aStatics for engineers | |
| 260 |
_aNew York _bSpringer-Verlag _c2005 |
||
| 300 | _axviii, 905 p. | ||
| 942 | _cBK | ||
| 999 |
_c136311 _d136311 |
||